00257 a2200121 4500001000700000020002200007040001100029100002400040240003000064245002500094300000700119362000900126195332 a978-85-418-1005-0 cMagnum aAlbergaria, Lino de10aÁlbum de famílialpor10aÁlbum de família a600 a2015